[Event "BI-2012-P-00019"]
[Site "LSS email"]
[Date "2012.04.20"]
[Round "?"]
[White "Helmer, Janos"]
[Black "Penzo, Antonio"]
[Result "1-0"]
[WhiteElo "2048"]
[BlackElo "986"]
[PlyCount "43"]
[EventDate "2012.04.22"]
[EventType "tourn (corr)"]
[EventRounds "10"]
[EventCountry "GER"]
[SourceTitle "Telechess CBM 165"]
[Source "ChessBase"]
[SourceDate "2015.03.11"]
[SourceVersion "1"]
[SourceVersionDate "2015.03.11"]
[SourceQuality "1"]

1. d4 d5 2. Nf3 Nc6 3. Bf4 Nf6 4. e3 Bd7 5. c4 dxc4 6. Bxc4 e6 7. 0-0 Be7 8. Nc3 0-0 9. h3 Nh5 10. Bh2 a6 11. e4 b5 12. Bd3 Nb4 13. Bb1 c5 14. d5 exd5 15. exd5 a5 16. g4 Nf6 17. d6 Nxg4 18. dxe7 Qxe7 19. Bd6 Qe6 20. Bxf8 Kxf8 21. Re1 Qc6 22. hxg4 1-0

[Event "BI-2012-P-00019"]
[Site "LSS email"]
[Date "2012.04.20"]
[Round "?"]
[White "Penzo, Antonio"]
[Black "Skorna, Ullrich"]
[Result "0-1"]
[WhiteElo "986"]
[BlackElo "2085"]
[PlyCount "52"]
[EventDate "2012.04.22"]
[EventType "tourn (corr)"]
[EventRounds "10"]
[EventCountry "GER"]
[SourceTitle "Telechess CBM 165"]
[Source "ChessBase"]
[SourceDate "2015.03.11"]
[SourceVersion "1"]
[SourceVersionDate "2015.03.11"]
[SourceQuality "1"]

1. e4 e6 2. f4 d5 3. e5 c5 4. Nf3 Nc6 5. Be2 Nge7 6. c3 Nf5 7. 0-0 Be7 8. d4 Qb6 9. dxc5 Bxc5+ 10. Kh1 Ne3 11. Bxe3 Bxe3 12. Qc2 Bxf4 13. Nbd2 Bd7 14. b4 Rc8 15. a3 Nxe5 16. Nd4 Qxd4 17. Nf3 Qxc3 18. Qxc3 Rxc3 19. Nd4 Be3 20. Nf3 Nxf3 21. Bxf3 Ke7 22. a4 Rhc8 23. h3 Rc1 24. b5 Rxa1 25. Rxa1 Rc1+ 26. Rxc1 Bxc1 0-1

[Event "ZN-2012-0-01822"]
[Site "LSS email"]
[Date "2012.01.19"]
[Round "?"]
[White "Lauer, Fredric"]
[Black "Penzo, Antonio"]
[Result "1-0"]
[WhiteElo "1031"]
[BlackElo "1102"]
[PlyCount "69"]
[EventDate "2012.01.15"]
[EventType "match (corr)"]
[EventRounds "2"]
[EventCountry "GER"]
[SourceTitle "Telechess CBM 157"]
[Source "ChessBase"]
[SourceDate "2013.11.12"]
[SourceVersion "1"]
[SourceVersionDate "2013.11.12"]
[SourceQuality "1"]

1. e4 e5 2. Nc3 Nf6 3. Nf3 d6 4. d4 exd4 5. Nxd4 Be7 6. Bd3 0-0 7. 0-0 c5 8. Nf3 Bg4 9. h3 Bh5 10. Bg5 h6 11. Bh4 Nc6 12. Re1 Nd4 13. g4 Bg6 14. Nxd4 cxd4 15. Bxf6 Bxf6 16. Nd5 Bg5 17. f4 Bh4 18. Rf1 Bg3 19. f5 Bh7 20. f6 Be5 21. fxg7 Bxg7 22. Qf3 Qh4 23. Kg2 Bg6 24. Nf6+ Kh8 25. Nd5 Be5 26. Nf4 Qg5 27. Nxg6+ Qxg6 28. Qf5 Kg7 29. Qxg6+ fxg6 30. Rxf8 Rxf8 31. a4 Kf7 32. a5 Ke6 33. Ra3 g5 34. Rb3 Rf7 35. Bc4+ 1-0

[Event "OP-2012-0-02011"]
[Site "LSS email"]
[Date "2012.01.19"]
[Round "?"]
[White "Linart, Ludvik"]
[Black "Penzo, Antonio"]
[Result "0-1"]
[WhiteElo "852"]
[BlackElo "1102"]
[PlyCount "42"]
[EventDate "2012.01.17"]
[EventType "tourn (corr)"]
[EventRounds "4"]
[EventCountry "GER"]
[SourceTitle "Telechess CBM 157"]
[Source "ChessBase"]
[SourceDate "2013.11.12"]
[SourceVersion "1"]
[SourceVersionDate "2013.11.12"]
[SourceQuality "1"]

1. d4 d5 2. c4 dxc4 3. e4 b5 4. Nf3 Bg4 5. Be2 e6 6. Nc3 a6 7. 0-0 Nf6 8. h3 Bh5 9. Bg5 Be7 10. Bxf6 Bxf6 11. e5 Be7 12. Ne4 0-0 13. Ng3 Bg6 14. a4 Nc6 15. axb5 axb5 16. Qd2 Qd5 17. Rfd1 Bb4 18. Qc1 Na5 19. Nd2 Rad8 20. Bf3 Qd7 21. Be4 Bxd2 0-1

[Event "ZN-2012-0-01822"]
[Site "LSS email"]
[Date "2012.01.19"]
[Round "?"]
[White "Penzo, Antonio"]
[Black "Lauer, Fredric"]
[Result "1/2-1/2"]
[WhiteElo "1102"]
[BlackElo "1031"]
[PlyCount "134"]
[EventDate "2012.01.15"]
[EventType "match (corr)"]
[EventRounds "2"]
[EventCountry "GER"]
[SourceTitle "Telechess CBM 157"]
[Source "ChessBase"]
[SourceDate "2013.11.12"]
[SourceVersion "1"]
[SourceVersionDate "2013.11.12"]
[SourceQuality "1"]

1. e4 e6 2. d4 d5 3. Nc3 Bb4 4. Bd3 dxe4 5. Bxe4 Bxc3+ 6. bxc3 Ne7 7. Nf3 0-0 8. 0-0 Nbc6 9. Bg5 h6 10. Bh4 g5 11. Bg3 f5 12. Bxc6 Nxc6 13. h3 f4 14. Bh2 b6 15. Qd3 Ne7 16. Ne5 Nf5 17. Qe4 Ba6 18. Rfd1 Qd5 19. Qxd5 exd5 20. Rd2 Rfe8 21. Re1 Re6 22. Rb1 Rae8 23. Rdd1 Nd6 24. f3 Nf7 25. Nxf7 Kxf7 26. Kh1 Re2 27. Rb2 R8e3 28. Rb3 Rxc2 29. Ra3 Bc4 30. Rxa7 Ree2 31. Rxc7+ Ke8 32. Rg1 Rxa2 33. Rc6 Kf7 34. Rxb6 Kg7 35. h4 Rec2 36. Rb7+ Kg6 37. hxg5 hxg5 38. Rb8 Be2 39. Rg8+ Kf6 40. Rf8+ Ke7 41. Rf5 Bxf3 42. Rxg5 Be4 43. Bxf4 Rxc3 44. Kh2 Rc8 45. Be5 Rcc2 46. Kh3 Ra3+ 47. Rg3 Rxg3+ 48. Kxg3 Ke6 49. Kh3 Rc3+ 50. Kg4 Rc8 51. g3 Rg8+ 52. Kf4 Rf8+ 53. Kg5 Rg8+ 54. Kh6 Rg4 55. Kh5 Bf3 56. Kh6 Be4 57. Rf1 Rg6+ 58. Kh5 Bf5 59. Rf4 Rg8 60. g4 Be4 61. g5 Bf5 62. Kh6 Rg6+ 63. Kh5 Rg8 64. Rf2 Bg6+ 65. Kg4 Ke7 66. Rf6 Be4 67. Kf4 Rg6 1/2-1/2

[Event "OP-2012-0-02011"]
[Site "LSS email"]
[Date "2012.01.19"]
[Round "?"]
[White "Vontina, Maria"]
[Black "Penzo, Antonio"]
[Result "0-1"]
[WhiteElo "758"]
[BlackElo "1102"]
[PlyCount "70"]
[EventDate "2012.01.17"]
[EventType "tourn (corr)"]
[EventRounds "4"]
[EventCountry "GER"]
[SourceTitle "Telechess CBM 157"]
[Source "ChessBase"]
[SourceDate "2013.11.12"]
[SourceVersion "1"]
[SourceVersionDate "2013.11.12"]
[SourceQuality "1"]

1. e4 e5 2. Nf3 Nc6 3. Bb5 Nd4 4. Nxd4 exd4 5. d3 Nf6 6. 0-0 c6 7. Ba4 a5 8. a3 b5 9. Bb3 Qc7 10. f4 d6 11. Nd2 Be7 12. Nf3 c5 13. Bd2 Bg4 14. Qe1 0-0 15. h3 Bc8 16. Qg3 Nh5 17. Qf2 Bb7 18. g4 Nf6 19. g5 Nh5 20. Qh4 g6 21. c4 a4 22. Bd1 bxc4 23. Ne1 cxd3 24. Bxh5 gxh5 25. Qxh5 Bxe4 26. f5 d5 27. Bf4 Qb6 28. f6 Bxf6 29. gxf6 Qxf6 30. Kh2 Qe6 31. Bh6 Rfe8 32. Nxd3 Bxd3 33. Rxf7 Qxf7 34. Rg1+ Bg6 35. Rxg6+ hxg6 0-1

[Event "OP-2012-0-02004"]
[Site "LSS email"]
[Date "2012.01.16"]
[Round "?"]
[White "Ballarin, Alessandro"]
[Black "Penzo, Antonio"]
[Result "0-1"]
[WhiteElo "846"]
[BlackElo "1105"]
[PlyCount "96"]
[EventDate "2012.01.13"]
[EventType "tourn (corr)"]
[EventRounds "4"]
[EventCountry "GER"]
[SourceTitle "Telechess CBM 157"]
[Source "ChessBase"]
[SourceDate "2013.11.12"]
[SourceVersion "1"]
[SourceVersionDate "2013.11.12"]
[SourceQuality "1"]

1. e4 e5 2. Nf3 Bc5 3. Nxe5 Qf6 4. Ng4 Qg6 5. Nc3 d6 6. h3 Nf6 7. Be2 0-0 8. d3 Nc6 9. Be3 Bb4 10. a3 Bxc3+ 11. bxc3 Be6 12. Nxf6+ Qxf6 13. c4 Nd4 14. Bxd4 Qxd4 15. 0-0 f5 16. Bf3 c6 17. a4 Rf6 18. Qd2 a5 19. c3 Qc5 20. Qe3 Qa7 21. Qxa7 Rxa7 22. Rab1 g5 23. g4 f4 24. Rb6 Bd7 25. d4 Kg7 26. e5 Rh6 27. Kh2 dxe5 28. Re1 Re6 29. Rxe5 Rxe5 30. dxe5 Kf7 31. Be4 h6 32. Bf5 Be8 33. h4 Ke7 34. Bc8 Bd7 35. Rxb7 Rxb7 36. Bxb7 Ke6 37. h5 Kxe5 38. f3 Kd6 39. Ba6 Kc5 40. Bb7 Kb6 41. Ba8 Ka7 42. c5 Kxa8 43. Kg2 Be6 44. Kf2 Bb3 45. Ke2 Bxa4 46. Kd3 Bb5+ 47. c4 Ba4 48. Kd4 Bd1 0-1